000 00286nam a22001337a 4500
008 170907b xxu||||| |||| 00| 0 eng d
020 _a2901589482059
041 _aeng
080 _23RD
_a91
100 _a42
101 _aGJEO
245 _aGIS TUTORIAL
_cGORR,W.L
942 _2udc
_cBK
999 _c26663
_d26663